000 00774nam a2200169Ia 4500
008 090711s9999 xx 000 0 und d
082 _b916
100 _aरेळे हेमांगी (संपा.)
245 _aहरिवंश पुराण (संतान गोपालस्त्रोत्रासहित)
260 _c1999
300 _a339
600 _aरेळे हेमांगी (संपा.)
630 _aहरिवंश पुराण (संतान गोपालस्त्रोत्रासहित)
700 _aरेळे हेमांगी (संपा.)
730 _aहरिवंश पुराण (संतान गोपालस्त्रोत्रासहित)
942 _cBOOK
999 _c336166
_d336166